Využitie modelovania pri eliminácii chýb výstrekov z termoplastov : Dizertačná práca

Salvato in:
Dettagli Bibliografici
Autore principale: Knap, Michal, 1984- (Autore)
Altri autori: Švec, Pavol, 1963- (Relatore della tesi)
Natura: Libro
Lingua:slovacco
Pubblicazione: Bratislava : STU v Bratislave SjF, 2010
Soggetti:
Tags: Aggiungi Tag
Nessun Tag, puoi essere il primo ad aggiungerne!!

MARC

LEADER 00000nam a22000003a 4500
001 stu222062
005 20150617230111.2
008 110303s2010------------------------slo-d
040 |a STU  |b slo 
041 0 |a slo 
080 |a 621.791 
080 |a 678.073  |7 stu_us_auth*stu4576 
100 1 |a Knap, Michal,  |d 1984-  |4 aut  |u J280  |9 100  |U SjF Ústav technológií a materiálov  |T SjF Katedra materiálov a technológií  |X 28212  |U J280  |Y 52  |7 A000028212 
242 0 0 |a Utilization of modeling for defect elimination of thermoplastic injection moulded  |y eng 
245 1 |a Využitie modelovania pri eliminácii chýb výstrekov z termoplastov :  |b Dizertačná práca 
260 |a Bratislava :  |b STU v Bratislave SjF,  |c 2010 
300 |a 128 s 
300 |a Prílohy :  |b 20 s 
650 7 |a vstrekovanie  |2 stusub 
650 7 |a simulácia vstrekovania  |2 stusub 
650 7 |a injection moulding  |2 estusub 
650 7 |a strojárske technológie  |2 stusub 
700 1 |a Švec, Pavol,  |d 1963-  |4 ths  |u J280  |U SjF Ústav technológií a materiálov  |T SjF Katedra materiálov a technológií  |X 2305  |U J280  |Y 52  |7 A000002305 
996 |b 284J038686  |c J*113805  |l JJST  |s P  |a 0  |w stu222062_0001